000 00297nam a2200133Ia 4500
100 _aKapur/ J.N./ Saxena/ H.C.
942 _cBK
654 _astatistics
245 _aMathematical statistics
260 _bS.Chand & Co.
_aNew Delhi
_c1981
082 _a519.5
300 _a645
546 _aENGLISH
999 _c23352
_d23352